| 000 | 00350nam a22001337a 4500 | ||
|---|---|---|---|
| 082 |
_a940.4 _bTYN |
||
| 100 |
_aTyng, Sewell _949385 |
||
| 245 |
_aThe Campaign of the marne 1914 _cSewell Tyng, |
||
| 260 |
_a Bombay : _bThacker & Co. Ld, |
||
| 300 | _a413 p, : | ||
| 526 |
_a0 _b0 _c0 _d940_400000000000000_TYN |
||
| 650 |
_aMCE _9379 |
||
| 942 |
_2ddc _cBK |
||
| 999 |
_c552173 _d552173 |
||